Русский биографический словарь: Бетанкуръ - Бякстеръ

Bibliographic Details
Summary:Репринтное воспроизведение издания 1908 г.
Language:Russian
Published: Москва, Аспект Пресс, 1995
Edition:Репринтное воспроизведение.
Subjects:
Format: Book
KOHA link:https://koha.lib.tpu.ru/cgi-bin/koha/opac-detail.pl?biblionumber=11175

MARC

LEADER 00000nam0a2200000 4500
001 11175
005 20231101204747.0
010 |a 575670065X 
035 |a (RuTPU)RU\TPU\book\11246 
035 |a BOOK00011312 
090 |a 11175 
100 |a 20011209e1995 km y0rusy50 ca 
101 0 |a rus 
102 |a RU 
105 |a a e 000zd 
200 1 |a Русский биографический словарь  |e Бетанкуръ - Бякстеръ 
205 |a Репринтное воспроизведение. 
210 |a Москва  |c Аспект Пресс  |d 1995 
215 |a 699 с. 
300 |a Репринтное воспроизведение издания 1908 г. 
606 1 |a Биографические справочники  |2 stltpush  |3 (RuTPU)RU\TPU\subj\68826  |9 83948 
606 1 |a Редкие книги  |2 stltpush  |3 (RuTPU)RU\TPU\subj\67540  |9 83297 
610 1 |a справочники 
610 1 |a словари 
610 1 |a биографии 
610 1 |a репринтные издания 
686 |a Я22  |v LBC/SL-A  |2 rubbk 
686 |a Ч611.68  |v LBC/SL-A  |2 rubbk 
801 0 |a RU  |b 63413507  |c 20011209  |g PSBO 
801 2 |a RU  |b 63413507  |c 20190319  |g PSBO 
942 |c BK